[Event "Rilton Cup 2013-14"]
[Site "Stockholm SWE"]
[Date "2014.01.03"]
[Round "7.13"]
[White "Furhoff, Johan"]
[Black "Eggleston, David J"]
[Result "1/2-1/2"]
[WhiteTitle "IM"]
[BlackTitle "FM"]
[WhiteElo "2318"]
[BlackElo "2434"]
[WhiteFideId "1701797"]
[BlackFideId "412120"]
[EventDate "2013.12.27"]

1. e4 c5 2. Nf3 d6 3. d4 cxd4 4. Nxd4 Nf6 5. Nc3 a6 6. Bg5 Nbd7 7. Bc4 e6 8. O-O
Qb6 9. Qd2 Qxb2 10. Bxe6 fxe6 11. Nxe6 Kf7 12. a3 Qb6 13. Nd5 Qa7 14. Nd8+ Ke8
15. Ne6 Kf7 16. Nd8+ Ke8 17. e5 dxe5 18. Rad1 h6 19. Be3 b6 20. Ne6 Qb7 21.
Ndc7+ Ke7 22. Qd6+ Kf7 23. Nd8+ Kg6 24. Nxb7 Bxd6 25. Nxd6 Ra7 26. Nd5 Nxd5 27.
Rxd5 Rc7 28. Rfd1 Nf6 29. Rxe5 Rc6 30. Nxc8 Rhxc8 31. h3 b5 32. f4 Rxc2 33. f5+
Kh7 34. Rd6 Re2 35. Bd4 Rd2 36. Re7 Kg8 37. Ree6 Nh5 38. Be5 Re2 39. Bd4 Nf4 40.
Rxe2 Nxe2+ 41. Kh2 Nxd4 42. Rxd4 Rb8 43. Rd3 a5 44. Kg3 b4 45. axb4 axb4 46. Rb3
Kf7 47. Kf4 Rb5 48. g4 h5 49. Kg5 g6 50. Kh6 gxf5 51. g5 Rb6+ 52. Kh7 Rb7 53. h4
Ke6+ 54. Kg6 f4 55. Kxh5 Kf5 56. Kh6 Rb6+ 57. Kh7 Rb7+ 58. Kh6 Rb8 59. g6 Kf6
60. Kh7 Rb7+ 61. Kh6 Rb8 1/2-1/2

[Event "Rilton Cup 2013-14"]
[Site "Stockholm SWE"]
[Date "2014.01.03"]
[Round "7.14"]
[White "Sjodahl, Pontus"]
[Black "Lissang, Christopher"]
[Result "1-0"]
[WhiteTitle "IM"]
[WhiteElo "2420"]
[BlackElo "2240"]
[WhiteFideId "1700537"]
[BlackFideId "1709615"]
[EventDate "2013.12.27"]

1. d4 d5 2. c4 dxc4 3. e4 Nf6 4. e5 Nd5 5. Bxc4 Nb6 6. Bd3 Nc6 7. Be3 Be6 8. Nc3
Qd7 9. Nge2 O-O-O 10. Be4 f5 11. exf6 exf6 12. O-O Nb4 13. Rc1 g5 14. a3 N4d5
15. Bd3 Kb8 16. Bd2 Nxc3 17. bxc3 Nc4 18. a4 Nb2 19. Qc2 Nxd3 20. Qxd3 Qxa4 21.
c4 Qa6 22. Qc3 c5 23. d5 Bxd5 24. cxd5 Qxe2 25. Bxg5 Rg8 26. Qxf6 Bd6 27. Bf4
Bxf4 28. Qxf4+ Ka8 29. Rxc5 Rxg2+ 30. Kxg2 Rg8+ 31. Qg3 Rxg3+ 32. hxg3 b6 33.
Rc7 Qe4+ 34. Kg1 Qxd5 35. Re1 Kb8 36. Rxh7 Qc6 37. Ree7 Qc8 38. Rxa7 b5 39.
Rhb7+ 1-0

[Event "Rilton Cup 2013-14"]
[Site "Stockholm SWE"]
[Date "2014.01.03"]
[Round "7.15"]
[White "Luukkonen, Tommi"]
[Black "Bejtovic, Jasmin"]
[Result "1-0"]
[WhiteTitle "FM"]
[BlackTitle "IM"]
[WhiteElo "2285"]
[BlackElo "2402"]
[WhiteFideId "501808"]
[BlackFideId "14400936"]
[EventDate "2013.12.27"]

1. d4 Nf6 2. c4 g6 3. Nc3 Bg7 4. e4 d6 5. f3 O-O 6. Be3 a6 7. Qd2 Nbd7 8. Nh3 c5
9. Nf2 cxd4 10. Bxd4 b6 11. Be2 Bb7 12. O-O Re8 13. Rfd1 Rc8 14. Rac1 Bf8 15.
Nd5 e6 16. Nxf6+ Nxf6 17. Kh1 h5 18. b4 Nd7 19. a3 Qc7 20. Be3 Kh7 21. Bg5 Qb8
22. Qf4 f6 23. Bxf6 Nxf6 24. Qxf6 Bg7 25. Qh4 Bh6 26. g4 Bxc1 27. Rxc1 Qc7 28.
gxh5 g5 29. Qxg5 Rg8 30. Qe3 Qe7 31. Rd1 b5 32. c5 dxc5 33. Ng4 Rg5 34. Rd7 Qxd7
35. Nf6+ Kh8 36. Nxd7 Rcg8 37. Nf6 1-0

[Event "Rilton Cup 2013-14"]
[Site "Stockholm SWE"]
[Date "2014.01.03"]
[Round "7.16"]
[White "Nielsen, Rogvi Egilstoft"]
[Black "Mihok, Oliver"]
[Result "1/2-1/2"]
[BlackTitle "IM"]
[WhiteElo "2252"]
[BlackElo "2466"]
[WhiteFideId "7200447"]
[BlackFideId "728012"]
[EventDate "2013.12.27"]

1. e4 e5 2. Bc4 Nc6 3. Nc3 Nf6 4. d3 h6 5. Nge2 Bc5 6. O-O O-O 7. a3 a6 8. Be3
Nd4 9. Bxd4 exd4 10. Nd5 Ng4 11. h3 Ne5 12. Ba2 c6 13. f4 cxd5 14. fxe5 d6 15.
Bxd5 dxe5 16. Ng3 g6 17. b4 Bb6 18. Qb1 Kg7 19. Qb3 Qe7 20. Rf2 Be6 21. Bxe6
Qxe6 22. Qxe6 fxe6 23. Rxf8 Rxf8 24. Nf1 Rc8 25. Ra2 Bd8 26. Nd2 b5 27. Kf1 a5
28. bxa5 Bxa5 29. Ke2 Bc3 30. a4 Ra8 31. a5 Rxa5 32. Rxa5 Bxa5 33. Nf3 Kf6 34.
Kd1 Bb4 35. Kc1 h5 36. g4 hxg4 37. hxg4 Bd6 38. Kb2 Be7 39. Ka2 Bd6 40. Kb3 Be7
41. Ka2 1/2-1/2

[Event "Rilton Cup 2013-14"]
[Site "Stockholm SWE"]
[Date "2014.01.03"]
[Round "7.17"]
[White "Ramondino, Renzo"]
[Black "Ornstein, Axel"]
[Result "1/2-1/2"]
[WhiteTitle "FM"]
[BlackTitle "IM"]
[WhiteElo "2242"]
[BlackElo "2334"]
[WhiteFideId "810304"]
[BlackFideId "1700111"]
[EventDate "2013.12.27"]

1. Nf3 Nf6 2. c4 c5 3. g3 b6 4. Bg2 Bb7 5. Nc3 e6 6. O-O Be7 7. Re1 d6 8. e4 Nc6
9. d4 cxd4 10. Nxd4 Nxd4 11. Qxd4 Qc7 12. b3 O-O 13. Ba3 a6 14. Rad1 Rfd8 15. h3
Bc6 16. Bb4 Qb7 17. Qe3 Bf8 18. a4 Qc7 19. Qd4 Rd7 20. Re2 Rad8 21. Rc2 Qb8 22.
Rcd2 e5 23. Qe3 Ba8 24. Qe2 Ne8 25. h4 Nc7 26. Bh3 Ne6 27. Nd5 Ra7 28. Bc3 b5
29. Bxe5 dxe5 30. Bxe6 Re8 31. Bf5 bxa4 32. bxa4 Bc5 33. Qh5 g6 34. Nf6+ Kg7 35.
Nxe8+ Qxe8 36. Qg4 Bd4 37. Rxd4 exd4 38. Rxd4 h5 39. Bd7 Qe5 40. Qd1 Bxe4 41.
Qd2 Rb7 42. f4 Qc5 43. Qe3 Rb1+ 44. Kf2 Rb2+ 45. Kf1 Rb1+ 46. Kf2 Rb2+ 47. Kf1
Rb1+ 1/2-1/2

[Event "Rilton Cup 2013-14"]
[Site "Stockholm SWE"]
[Date "2014.01.03"]
[Round "7.18"]
[White "Poley, Vladimir"]
[Black "Annenkov, Kirill"]
[Result "1-0"]
[WhiteTitle "IM"]
[BlackTitle "FM"]
[WhiteElo "2300"]
[BlackElo "2232"]
[WhiteFideId "13500090"]
[BlackFideId "4129733"]
[EventDate "2013.12.27"]

1. d4 d5 2. g3 Nf6 3. Bg2 c6 4. Nh3 Bf5 5. f3 e6 6. Nf2 Be7 7. O-O O-O 8. c3 Bg6
9. Nd2 c5 10. e3 Nc6 11. Re1 Rc8 12. Nf1 b5 13. g4 b4 14. a3 cxd4 15. cxd4 bxa3
16. bxa3 Na5 17. e4 Nc4 18. Ng3 dxe4 19. fxe4 e5 20. g5 Nd7 21. h4 exd4 22. h5
Nde5 23. hxg6 fxg6 24. Nh3 d3 25. Ra2 Qd7 26. Kh1 Nf3 27. Nf4 d2 28. Bxd2 Nfxd2
29. Bh3 Qc7 30. Be6+ Kh8 31. Nxg6+ hxg6 32. Qg4 Bxg5 33. Qxg5 Rf4 34. Re2 1-0

[Event "Rilton Cup 2013-14"]
[Site "Stockholm SWE"]
[Date "2014.01.03"]
[Round "7.20"]
[White "Von Bahr, Oskar"]
[Black "Trygstad, Kristian"]
[Result "1-0"]
[WhiteTitle "FM"]
[BlackTitle "FM"]
[WhiteElo "2298"]
[BlackElo "2228"]
[WhiteFideId "1703250"]
[BlackFideId "1501860"]
[EventDate "2013.12.27"]

1. c4 f5 2. g3 Nf6 3. Bg2 e6 4. Nf3 Be7 5. O-O O-O 6. Nc3 d6 7. d4 Ne4 8. Nxe4
fxe4 9. Nd2 d5 10. f3 Nc6 11. fxe4 Rxf1+ 12. Kxf1 dxc4 13. Nf3 Bd7 14. Be3 Be8
15. Rc1 b5 16. b3 Na5 17. Bh3 Bf7 18. Ne5 Ba3 19. Rb1 c5 20. dxc5 Qf6+ 21. Nf3
Rd8 22. Qe1 c3 23. Bg5 c2 24. Bxf6 gxf6 25. Kg2 cxb1=Q 26. Qxb1 Nc6 27. e5 f5
28. e4 Bh5 29. exf5 Bxf3+ 30. Kxf3 Nxe5+ 31. Ke2 Bxc5 32. Qe4 1-0

[Event "Rilton Cup 2013-14"]
[Site "Stockholm SWE"]
[Date "2014.01.03"]
[Round "7.22"]
[White "Lindgren, Philip"]
[Black "Ask, Josef"]
[Result "1-0"]
[WhiteTitle "FM"]
[WhiteElo "2301"]
[BlackElo "2209"]
[WhiteFideId "1713230"]
[BlackFideId "1704583"]
[EventDate "2013.12.27"]

1. Nf3 Nf6 2. c4 c6 3. d4 d5 4. Qb3 dxc4 5. Qxc4 Bf5 6. g3 e6 7. Bg2 Nbd7 8. O-O
Be7 9. e3 Qb6 10. Nc3 Qb4 11. Qe2 Ne4 12. Nh4 Nxc3 13. bxc3 Qxc3 14. Nxf5 exf5
15. Rb1 Nb6 16. d5 O-O 17. dxc6 bxc6 18. Bb2 Qc4 19. Qf3 Qe6 20. Bh3 g6 21. e4
Qxe4 22. Qc3 f6 23. Bg2 Qc4 24. Qe3 Bc5 25. Qh6 Rac8 26. h4 Qxa2 27. Ra1 Qf7 28.
Rfc1 Nc4 29. Bc3 Rfe8 30. Bf1 Ne3 31. Be1 Ng4 32. Qf4 Rxe1 33. Rxe1 Bxf2+ 34.
Kh1 Qd5+ 35. Bg2 Qb3 36. Rab1 Qc3 37. Rec1 Qe5 38. Rb7 Kh8 39. Rd1 Bxg3 40. Qxe5
Nxe5 41. h5 c5 42. Ra1 Rd8 43. Raxa7 f4 44. Bd5 1-0

[Event "Rilton Cup 2013-14"]
[Site "Stockholm SWE"]
[Date "2014.01.03"]
[Round "7.23"]
[White "Henriksson, Johan"]
[Black "Olofsson-Dolk, Mattis"]
[Result "1/2-1/2"]
[WhiteTitle "FM"]
[WhiteElo "2266"]
[BlackElo "2070"]
[WhiteFideId "1703560"]
[BlackFideId "1715178"]
[EventDate "2013.12.27"]

1. d4 Nf6 2. Nf3 g6 3. g3 Bg7 4. Bg2 d5 5. O-O O-O 6. c4 dxc4 7. Na3 c3 8. bxc3
c5 9. Ne5 Nc6 10. Qa4 cxd4 11. Nxc6 bxc6 12. cxd4 Bd7 13. Bd2 Nd5 14. Rab1 Nb6
15. Qb4 Be6 16. Bxc6 Rc8 17. Bf3 Qxd4 18. Qxd4 Bxd4 19. Nb5 Rfd8 20. Nxd4 Rxd4
21. Be3 Ra4 22. Bxb6 axb6 23. Rxb6 Rxa2 1/2-1/2

[Event "Rilton Cup 2013-14"]
[Site "Stockholm SWE"]
[Date "2014.01.03"]
[Round "7.24"]
[White "Kassani, Sam"]
[Black "Cederstam-Barsk, Carl"]
[Result "0-1"]
[WhiteElo "2095"]
[BlackElo "2256"]
[WhiteFideId "1709089"]
[BlackFideId "1713329"]
[EventDate "2013.12.27"]

1. d4 Nf6 2. Nc3 d5 3. Bg5 Nbd7 4. Qd3 c6 5. Nf3 h6 6. Bh4 b5 7. a3 e6 8. e4 Qa5
9. Nd2 b4 10. Nb3 Qb6 11. axb4 Bxb4 12. e5 g5 13. Bg3 Ne4 14. Kd1 Bxc3 15. bxc3
c5 16. dxc5 Ndxc5 17. Qd4 a5 18. f3 a4 19. Qb4 Qxb4 20. cxb4 axb3 21. Rxa8 b2
22. Bb5+ Ke7 23. Ke2 Nc3+ 24. Ke3 d4+ 25. Kxd4 Nxb5+ 26. Kxc5 Nc3 27. b5 Rd8 28.
b6 Nd1 29. b7 Rd5+ 0-1

[Event "Rilton Cup 2013-14"]
[Site "Stockholm SWE"]
[Date "2014.01.03"]
[Round "7.25"]
[White "Jogstad, Martin"]
[Black "Zadruzny, Nicolaj"]
[Result "0-1"]
[WhiteElo "1941"]
[BlackElo "2251"]
[WhiteFideId "1715364"]
[BlackFideId "1709550"]
[EventDate "2013.12.27"]

1. c4 c5 2. g3 g6 3. Bg2 Nc6 4. Nc3 Bg7 5. a3 a5 6. e4 d6 7. Nge2 h5 8. h3 e5 9.
d3 Be6 10. f4 Nge7 11. fxe5 Bxe5 12. Bf4 Bxf4 13. Nxf4 Nd4 14. O-O Qd7 15. Kh2
Rb8 16. Nfd5 Bxd5 17. exd5 f5 18. Ne2 h4 19. Nxd4 hxg3+ 20. Kxg3 cxd4 21. Qe2 g5
22. Rae1 f4+ 23. Kh2 Kf7 24. Qe6+ Qxe6 25. Rxe6 Nf5 26. Be4 Ne3 27. Rf3 b5 28.
c5 dxc5 29. Bg6+ Kg7 30. Be4 Kf7 31. Bg6+ Kg7 32. Be4 Rh5 33. d6 c4 34. d7 c3
35. bxc3 dxc3 36. d4 b4 37. axb4 axb4 38. Rg6+ Kf8 39. Rb6 Rd8 40. Rxb4 Rxd7 41.
Rb8+ Ke7 42. Bg6 Rh6 43. Re8+ Kd6 44. Rexe3 fxe3 45. Rf6+ Kc7 46. Bd3 Rxf6 0-1

[Event "Rilton Cup 2013-14"]
[Site "Stockholm SWE"]
[Date "2014.01.03"]
[Round "7.26"]
[White "Johansen, Stian"]
[Black "Johansson, Gunnar"]
[Result "1/2-1/2"]
[WhiteElo "2079"]
[BlackElo "2244"]
[WhiteFideId "1508121"]
[BlackFideId "1703501"]
[EventDate "2013.12.27"]

1. e4 c5 2. Nf3 e6 3. d4 cxd4 4. Nxd4 Nc6 5. c4 Nf6 6. Nc3 Bb4 7. Qd3 O-O 8. Bg5
h6 9. Nxc6 dxc6 10. Qxd8 Rxd8 11. Bxf6 gxf6 12. Rc1 Rd4 13. f3 Bd7 14. a3 Ba5
15. b4 Bc7 16. Rd1 Rxd1+ 17. Kxd1 a5 18. Kc2 axb4 19. axb4 Be5 20. Kb2 Ra4 21.
Kb3 Ra1 22. g3 Bxc3 23. Kxc3 Ra3+ 24. Kd4 b6 25. Bd3 e5+ 26. Ke3 Be6 27. Rc1 Rb3
28. b5 cxb5 29. cxb5 Bd7 30. Kd2 Bxb5 31. Bxb5 Rxb5 32. Rc6 Kg7 33. Kc3 h5 34.
h4 Rb1 35. g4 Rf1 36. gxh5 Rxf3+ 37. Kc4 Kh6 38. Rxb6 Kxh5 39. Rb7 Kxh4 40. Rxf7
Kg3 41. Kd5 Kf2 42. Rf8 Ke3 43. Rf7 Rf1 44. Rf8 Rd1+ 45. Kc4 Rd4+ 46. Kc5 Kxe4
47. Rxf6 Rd8 48. Rf1 Rd3 49. Kc4 Rf3 50. Rh1 Ke3 51. Kd5 1/2-1/2

[Event "Rilton Cup 2013-14"]
[Site "Stockholm SWE"]
[Date "2014.01.03"]
[Round "7.27"]
[White "Hammar, Bengt"]
[Black "Jonsson, Emil"]
[Result "0-1"]
[WhiteTitle "FM"]
[WhiteElo "2234"]
[BlackElo "2076"]
[WhiteFideId "1700391"]
[BlackFideId "1712268"]
[EventDate "2013.12.27"]

1. e4 d6 2. d4 Nf6 3. Nc3 g6 4. f4 Bg7 5. Nf3 c5 6. dxc5 Qa5 7. Bd3 Qxc5 8. Qe2
a6 9. Be3 Qa5 10. O-O O-O 11. h3 Nbd7 12. a3 b5 13. Qf2 Bb7 14. Qh4 Qc7 15. f5
d5 16. fxg6 hxg6 17. exd5 Bxd5 18. Ng5 Bb7 19. Nce4 Bxe4 20. Bxe4 Rac8 21. Bd5
e6 22. Bd4 Nh5 23. Bxg7 Kxg7 24. Rxf7+ Kg8 25. Rxd7 Qb6+ 26. Kh1 exd5 27. c3 Rc4
28. Qe1 Rf1+ 29. Qxf1 Ng3+ 30. Kh2 Nxf1+ 31. Rxf1 Qb8+ 0-1

[Event "Rilton Cup 2013-14"]
[Site "Stockholm SWE"]
[Date "2014.01.03"]
[Round "7.28"]
[White "Evertsson, Lennart"]
[Black "Aroven, Mikael"]
[Result "0-1"]
[WhiteElo "2186"]
[BlackElo "2045"]
[WhiteFideId "1705156"]
[BlackFideId "1709534"]
[EventDate "2013.12.27"]

1. d4 Nf6 2. Nf3 e6 3. g3 b6 4. Bg2 Bb7 5. O-O c5 6. c4 cxd4 7. Qxd4 Nc6 8. Qd1
d5 9. cxd5 Nxd5 10. a3 Be7 11. e4 Nc7 12. Qa4 O-O 13. Rd1 Qc8 14. Nc3 Bf6 15.
Bf4 Bxc3 16. bxc3 Re8 17. e5 Na5 18. Bg5 Nd5 19. Qg4 Ne7 20. h4 Nf5 21. Bf6 Qc6
22. Rd4 Kh8 23. Qg5 Qxc3 24. Rf4 Qxa1+ 25. Kh2 gxf6 26. Qxf6+ Ng7 27. Rg4 Rg8
28. Ng5 Raf8 29. Ne4 Bxe4 30. Rxe4 Nc6 31. h5 Qxa3 32. h6 Qe7 33. hxg7+ Rxg7 34.
Rc4 Qxf6 35. exf6 Rg6 36. Rxc6 Rxf6 37. f4 Rb8 0-1

[Event "Rilton Cup 2013-14"]
[Site "Stockholm SWE"]
[Date "2014.01.03"]
[Round "7.29"]
[White "Bit-Narva, David"]
[Black "Lochte, Thomas"]
[Result "0-1"]
[WhiteElo "1877"]
[BlackElo "2110"]
[WhiteFideId "24128856"]
[BlackFideId "4606272"]
[EventDate "2013.12.27"]

1. e4 e5 2. Nf3 Nc6 3. Bb5 a6 4. Ba4 Nf6 5. d3 b5 6. Bb3 Be7 7. O-O O-O 8. Re1
d6 9. c3 Be6 10. Nbd2 Qd7 11. Nf1 Rfd8 12. d4 exd4 13. cxd4 d5 14. e5 Ne4 15.
N1d2 Nxd2 16. Bxd2 Bg4 17. Be3 Bb4 18. Rf1 Na5 19. Bc2 Nc4 20. Qd3 g6 21. Bg5
Be7 22. Bxe7 Qxe7 23. b3 Bxf3 24. gxf3 Na3 25. Bd1 c5 26. dxc5 Qxe5 27. Be2 b4
28. Rad1 Nb5 29. Qe3 Qxe3 30. fxe3 Nc3 31. Rd2 Rdc8 32. e4 Nxe2+ 33. Rxe2 Rxc5
34. exd5 Rxd5 35. Rc1 a5 36. Rc7 Rf5 37. Kf2 Rd8 38. Rce7 Rd3 39. R7e3 Rdd5 40.
Re4 Rh5 41. Kg3 Rc5 42. Kf4 Kg7 43. Re7 Kf6 44. Rd7 Rhf5+ 45. Kg4 h5+ 46. Kg3
Rc3 47. Rd6+ Kg7 48. Rf2 g5 49. h3 f6 50. Rd4 h4+ 51. Kg2 Kg6 52. Re4 Rfc5 53.
Ree2 Kf5 54. Kh2 Re5 55. Rd2 Kf4 56. Kg2 Rec5 57. Rd4+ Ke3 58. Rfd2 Rc2 59. Rd3+
Kf4 60. Rd4+ Kf5 61. Rd5+ Ke6 62. Kf2 Rxa2 63. Rxc5 Rxd2+ 64. Ke3 Rb2 65. Ke4
Rxb3 66. Rxa5 f5+ 67. Kd4 Rxf3 68. Ra6+ Kd7 0-1

[Event "Rilton Cup 2013-14"]
[Site "Stockholm SWE"]
[Date "2014.01.03"]
[Round "7.30"]
[White "Jacobsen, Bo"]
[Black "Puzko, Danila"]
[Result "0-1"]
[WhiteElo "2302"]
[BlackElo "2129"]
[WhiteFideId "1400738"]
[BlackFideId "24153745"]
[EventDate "2013.12.27"]

1. Nf3 Nf6 2. c4 g6 3. g3 Bg7 4. Bg2 O-O 5. O-O d6 6. Nc3 Nc6 7. Rb1 a5 8. d3 e5
9. a3 Re8 10. Bg5 h6 11. Bxf6 Bxf6 12. b4 axb4 13. axb4 Bg7 14. b5 Ne7 15. Nd2
c6 16. Qb3 Be6 17. Ra1 Qd7 18. Ra4 Rxa4 19. Qxa4 Rd8 20. Nb3 Bh3 21. Bxh3 Qxh3
22. Qa7 Qc8 23. bxc6 Nxc6 24. Qb6 f5 25. Nd5 Kh7 26. e3 g5 27. f4 exf4 28. gxf4
gxf4 29. exf4 Qe6 30. Qxb7 Rb8 0-1

[Event "Rilton Cup 2013-14"]
[Site "Stockholm SWE"]
[Date "2014.01.03"]
[Round "7.32"]
[White "Norlin, Egor"]
[Black "Gamback, Bjorn"]
[Result "1/2-1/2"]
[WhiteElo "2125"]
[BlackElo "2142"]
[WhiteFideId "1713973"]
[BlackFideId "1703161"]
[EventDate "2013.12.27"]

1. d4 d5 2. c4 e6 3. Nc3 Be7 4. Nf3 Nf6 5. Bg5 c6 6. e3 h6 7. Bh4 Nbd7 8. cxd5
Nxd5 9. Bxe7 Qxe7 10. Qd2 O-O 11. Be2 Re8 12. O-O Nxc3 13. Qxc3 e5 14. dxe5 Nxe5
15. Nxe5 Qxe5 16. Qxe5 1/2-1/2

[Event "Rilton Cup 2013-14"]
[Site "Stockholm SWE"]
[Date "2014.01.04"]
[Round "8.2"]
[White "Volkov, Sergey"]
[Black "Grandelius, Nils"]
[Result "1-0"]
[WhiteTitle "GM"]
[BlackTitle "GM"]
[WhiteElo "2623"]
[BlackElo "2576"]
[WhiteFideId "4122763"]
[BlackFideId "1710400"]
[EventDate "2013.12.27"]

1. d4 Nf6 2. c4 g6 3. Nc3 d5 4. Nf3 Bg7 5. Qb3 dxc4 6. Qxc4 O-O 7. e4 a6 8. Be2
b5 9. Qb3 c5 10. dxc5 Bb7 11. O-O Nxe4 12. Nxe4 Bxe4 13. Bf4 Bd5 14. Qe3 Bxb2
15. Rad1 e6 16. Bd6 Nc6 17. Bxf8 Qxf8 18. Ng5 h6 19. Nh3 Rd8 20. Nf4 Bxa2 21.
Bf3 Nd4 22. Rd2 Nxf3+ 23. gxf3 Rxd2 24. Qxd2 Bc4 25. Rd1 Be5 26. c6 Kg7 27. Nd3
Bf6 28. Nb4 Qc5 29. Qd6 Qg5+ 30. Qg3 Qc5 31. c7 e5 32. Nxa6 Qc6 33. Rc1 Qxa6 34.
Rxc4 bxc4 35. Qh3 c3 36. c8=Q Qd3 37. Qhd7 e4 38. Qcb7 1-0

[Event "Rilton Cup 2013-14"]
[Site "Stockholm SWE"]
[Date "2014.01.04"]
[Round "8.4"]
[White "Smirnov, Artem"]
[Black "Goganov, Aleksey"]
[Result "0-1"]
[WhiteTitle "IM"]
[BlackTitle "GM"]
[WhiteElo "2418"]
[BlackElo "2581"]
[WhiteFideId "4143256"]
[BlackFideId "24109959"]
[EventDate "2013.12.27"]

1. d4 e6 2. c4 Nf6 3. Nc3 Bb4 4. e3 c5 5. Ne2 cxd4 6. exd4 O-O 7. a3 Be7 8. Nf4
d6 9. Be2 e5 10. dxe5 dxe5 11. Qxd8 Bxd8 12. Nfd5 Nc6 13. Be3 Be6 14. O-O Nd4
15. Bxd4 exd4 16. Nxf6+ Bxf6 17. Ne4 Be7 18. Bd3 a5 19. f4 g6 20. Rae1 Rac8 21.
Nd2 Bc5 22. Re5 b6 23. g3 Bh3 24. Rb1 a4 25. Ree1 Kg7 26. Ne4 Rfe8 27. Kf2 Bf8
28. Ng5 Bd7 29. Rxe8 Rxe8 30. Re1 Rc8 31. Nf3 Be6 32. Nd2 Bc5 33. Re5 Bd7 34. h4
f6 35. Re1 Kf7 36. Kf3 Rb8 37. Ne4 Re8 38. Kf2 Bf8 39. Nd2 Rc8 40. Re2 Bf5 41.
Ne4 Re8 42. Kf3 Bd7 43. Nd2 Rb8 44. Ne4 b5 45. cxb5 Bxb5 46. Bxb5 Rxb5 47. Nf2
Rb3+ 48. Kg2 Bc5 49. Rd2 Ke6 50. Nd3 Kd5 51. Kf2 Bd6 52. Nc1 Re3 53. Ne2 Bc5 54.
Nc3+ Kc4 55. Nxa4 Ba7 56. Rc2+ Rc3 57. Rd2 d3+ 58. Kf3 Rc2 59. b3+ Kxb3 60.
Rxd3+ Kxa4 61. Rd7 Bc5 62. g4 Rc3+ 63. Kg2 Be3 64. g5 f5 65. h5 gxh5 66. Rd5 Rc5
67. Rd7 Rc4 68. Rxh7 Rxf4 69. g6 Rg4+ 70. Kf3 f4 71. g7 Rg5 72. Rxh5 Rxg7 0-1

[Event "Rilton Cup 2013-14"]
[Site "Stockholm SWE"]
[Date "2014.01.04"]
[Round "8.5"]
[White "Socko, Bartosz"]
[Black "Lintchevski, Daniil"]
[Result "1-0"]
[WhiteTitle "GM"]
[BlackTitle "GM"]
[WhiteElo "2657"]
[BlackElo "2541"]
[WhiteFideId "1107038"]
[BlackFideId "4171055"]
[EventDate "2013.12.27"]

1. d4 d5 2. c4 dxc4 3. Nf3 a6 4. e3 Nf6 5. Bxc4 e6 6. O-O c5 7. Bb3 Be7 8. Nc3
Nc6 9. dxc5 Qxd1 10. Rxd1 Bxc5 11. Bd2 Bd7 12. Rac1 Ba7 13. Ng5 Ke7 14. Nce4
Nxe4 15. Nxe4 Rhd8 16. Bc3 f6 17. Nd6 Rab8 18. Be1 e5 19. Nf7 Rdc8 20. Nd6 Rd8
21. Nf7 Rdc8 22. h3 Bb6 23. Nd6 Rd8 24. Bd5 Bc7 25. Nxb7 Rxb7 26. Bxc6 Rxb2 27.
Bd5 Bd6 28. Bb3 Rb8 29. Bc3 R2xb3 30. axb3 Rxb3 31. Be1 Rb7 32. Rb1 Bb5 33. Bb4
Bxb4 34. Rxb4 h5 35. h4 Kf7 36. Rc1 Ke6 37. Kh2 Kf5 38. Kg3 Rd7 39. Rb2 Kg6 40.
Rc8 Ra7 41. Rc5 Rd7 42. Rbc2 Kf5 43. Rc8 Kg6 44. R2c7 Rxc7 45. Rxc7 Be2 46. f3
Bb5 47. Kf2 Kh6 48. Rb7 Bd3 49. e4 Bc4 50. Ke3 g5 51. hxg5+ Kxg5 52. Rg7+ Kh6
53. Rc7 Bb5 54. g3 Kg6 55. Rb7 Bc4 56. f4 exf4+ 57. gxf4 h4 58. Kf3 h3 59. Kg3
Bd3 60. Re7 a5 61. Kxh3 a4 62. Kg3 a3 63. Kf3 a2 64. Ra7 Bc4 65. Ra5 Kf7 66. Ke3
Ke7 67. Kd4 Bb3 68. Kc3 Bg8 69. Kb2 Bc4 70. Rxa2 1-0

[Event "Rilton Cup 2013-14"]
[Site "Stockholm SWE"]
[Date "2014.01.04"]
[Round "8.6"]
[White "Hillarp Persson, Tiger"]
[Black "Akesson, Ralf"]
[Result "1-0"]
[WhiteTitle "GM"]
[BlackTitle "GM"]
[WhiteElo "2551"]
[BlackElo "2448"]
[WhiteFideId "1700812"]
[BlackFideId "1700120"]
[EventDate "2013.12.27"]

1. d4 d5 2. c4 e6 3. Nc3 Be7 4. cxd5 exd5 5. Bf4 c6 6. e3 Bd6 7. Nge2 Ne7 8. Qd2
O-O 9. h4 c5 10. dxc5 Bxc5 11. Rc1 Nbc6 12. Nxd5 Qxd5 13. Qxd5 Nxd5 14. Rxc5
Ncb4 15. Nc3 Nxf4 16. exf4 Re8+ 17. Re5 Bf5 18. Be2 Nd3+ 19. Bxd3 Bxd3 20. Rh3
Red8 21. Rhe3 Kf8 22. Re7 Ba6 23. Rc7 Rac8 24. Rxc8 Rxc8 25. f5 Rc4 26. Ne4 Rc6
27. g4 f6 28. Kd2 Bc4 29. a3 Bf7 30. f3 h6 31. Rc3 Rxc3 32. Kxc3 Ke7 33. Kd4 b6
34. f4 Bb3 35. Nc3 Kd7 36. g5 Bc2 37. gxf6 gxf6 38. Nd5 Bxf5 39. Nxf6+ Ke6 40.
Nd5 Bh3 41. Ne3 Kf6 42. Kd5 Bd7 43. Kd6 Bb5 44. Kc7 Kg6 45. Kb7 a6 46. Kxb6 Kh5
47. f5 Be8 48. Kxa6 Kxh4 49. b4 Kg5 50. b5 h5 51. b6 Bc6 52. b7 Bxb7+ 53. Kxb7
h4 54. a4 h3 55. Nf1 1-0

[Event "Rilton Cup 2013-14"]
[Site "Stockholm SWE"]
[Date "2014.01.04"]
[Round "8.7"]
[White "Socko, Monika"]
[Black "Tikkanen, Hans"]
[Result "1-0"]
[WhiteTitle "GM"]
[BlackTitle "GM"]
[WhiteElo "2440"]
[BlackElo "2548"]
[WhiteFideId "1106619"]
[BlackFideId "1706446"]
[EventDate "2013.12.27"]

1. e4 e6 2. d4 d5 3. Nd2 c5 4. Ngf3 cxd4 5. exd5 Qxd5 6. Bc4 Qd7 7. Nb3 Nc6 8.
Nbxd4 Bc5 9. Be3 a6 10. Nxe6 Bxe3 11. Qxd7+ Bxd7 12. Nc7+ Kd8 13. Nxa8 Bc5 14.
Ng5 Nh6 15. O-O Kc8 16. Rad1 Bg4 17. Rd5 Ba7 18. h3 Bh5 19. b4 Kb8 20. b5 axb5
21. Rxb5 Kxa8 22. Rfb1 Rd8 23. Rxb7 Na5 24. Rc7 Nxc4 25. Rxc4 Be2 26. Rc7 Bb8
27. Rc5 Ba6 28. Ra5 Ka7 29. Ne4 Bd6 30. c4 Bc7 31. Rxa6+ Kxa6 32. Nc5+ Ka7 33.
Rb7+ Ka8 34. Rxc7 Rd1+ 35. Kh2 Rd2 36. a4 Rxf2 37. Nd7 Ra2 38. c5 Rxa4 39. c6
Rb4 40. Ne5 Kb8 41. Re7 Kc8 42. Nxf7 Nf5 43. Rd7 h5 44. Nd6+ Nxd6 45. Rxd6 Kc7
46. Rg6 Rc4 47. Kg3 h4+ 48. Kf3 Kb6 49. c7+ Kxc7 50. Rxg7+ Kd6 51. Rg4 Rc3+ 52.
Kf4 Ke6 53. Rxh4 Kf6 54. Rh6+ Kg7 55. Rd6 Rc4+ 56. Kg5 Rc5+ 57. Kh4 Rc4+ 58. g4
Rc7 59. Kh5 Rb7 60. Rd5 Ra7 61. h4 Rb7 62. Kg5 Ra7 63. h5 Ra6 64. Rd7+ Kh8 65.
Re7 Kg8 66. Kf5 Kf8 67. Re6 Ra4 68. g5 Kf7 69. g6+ Kg7 70. Re7+ Kf8 71. Rf7+ Kg8
72. h6 Ra5+ 73. Kf6 Ra8 74. Kg5 Kh8 75. Rf8+ Rxf8 76. g7+ Kg8 77. Kg6 Ra8 78.
h7# 1-0